| 000 | 01611cam a22003854a 4500 | ||
|---|---|---|---|
| 090 | _c0 | ||
| 001 | 4508952 | ||
| 005 | 20060807191019.0 | ||
| 008 | 981006s1999 enka b 001 0 eng | ||
| 010 | _a98047473 | ||
| 020 | _a0415198534 (hbk) | ||
| 020 | _a0415198542 (pbk.) | ||
| 040 |
_aDLC _cDLC _dDLC |
||
| 042 | _apcc | ||
| 043 | _ae------ | ||
| 050 | 0 | 0 |
_aHD6134 _b.R83 1999 |
| 082 | 0 | 0 |
_a331.4094 _221 _bRUB |
| 100 | 1 | _aRubery, Jill. | |
| 245 | 1 | 0 |
_aWomen's Employment in Europe : _bTrends and Prospects / _cJill Rubery, Mark Smith and Colette Fagan. |
| 260 |
_aLondon ; _aNew York : _bRoutledge, _cc1999. |
||
| 300 |
_axviii, 350 p. : _bill. ; _c24 cm. |
||
| 504 | _aIncludes bibliographical references (p. [324]-339) and index. | ||
| 650 | 0 |
_aWomen _xEmployment _zEuropean Union countries. |
|
| 650 | 0 |
_aLabor market _zEuropean Union countries. |
|
| 650 | 0 |
_aManpower policy _zEuropean Union countries. |
|
| 650 | 0 |
_aEmployment forecasting _zEuropean Union countries. |
|
| 700 | 1 |
_aSmith, Mark, _d1971 Jan. 26- |
|
| 700 | 1 | _aFagan, Colette. | |
| 856 | 4 |
_3Table of Contents only _uhttp://lcweb.loc.gov/catdir/toc/98047473.html |
|
| 856 | 4 | 2 |
_3Publisher description _uhttp://www.loc.gov/catdir/enhancements/fy0649/98047473-d.html |
| 942 |
_2ddc _cBB |
||
| 999 |
_c10559 _d10559 |
||